000
00325nam a2200145Ia 4500
100
_a
Machinery yellow back series
942
_c
BK
654
_a
Heat
245
_a
Heat Treatment Fundamentals No.26
260
_b
Machinery Publication & co
_c
2001
082
_a
671.36
300
_a
204
546
_a
ENGLISH
999
_c
35140
_d
35140